[Event "Berlin Eckbauer op 21st"]
[Site "Berlin"]
[Date "2018.11.19"]
[Round "6"]
[White "Ziems, Michael"]
[Black "Grimm, Willi"]
[Result "1-0"]
[WhiteElo "1793"]
[BlackElo "1579"]
[PlyCount "63"]
[EventDate "2018.10.08"]
[EventType "swiss"]
[EventRounds "7"]
[EventCountry "GER"]
[SourceTitle "CBM 189 Extra"]
[Source "ChessBase"]
[SourceDate "2019.05.31"]
[SourceVersion "1"]
[SourceVersionDate "2019.05.31"]
[SourceQuality "1"]

1. d4 Nf6 2. c4 e6 3. Bf4 d5 4. e3 c5 5. Nc3 a6 6. Nf3 Be7 7. Rc1 dxc4 8. Bxc4 b5 9. Bd3 Bb7 10. Be2 0-0 11. 0-0 Nbd7 12. h3 Rc8 13. Re1 Qa5 14. a3 Rfd8 15. Qd2 cxd4 16. exd4 Nc5 17. b4 Nce4 18. Nxe4 Nxe4 19. bxa5 Nxd2 20. Bxd2 Bxa3 21. Rb1 Rc2 22. Bd1 Rcc8 23. Bg5 f6 24. Bf4 Bd5 25. Bb3 Bc4 26. Rxe6 Kf7 27. Rxa6 g5 28. Ra7+ Kg8 29. Bc7 Bxb3 30. Bxd8 Be6 31. Bxf6 Ba2 32. Ra1 1-0

[Event "Berlin Eckbauer op 21st"]
[Site "Berlin"]
[Date "2018.11.12"]
[Round "5"]
[White "Grimm, Willi"]
[Black "Korell, Klaus Peter"]
[Result "1/2-1/2"]
[WhiteElo "1579"]
[BlackElo "1851"]
[PlyCount "63"]
[EventDate "2018.10.08"]
[EventType "swiss"]
[EventRounds "7"]
[EventCountry "GER"]
[SourceTitle "CBM 189 Extra"]
[Source "ChessBase"]
[SourceDate "2019.05.31"]
[SourceVersion "1"]
[SourceVersionDate "2019.05.31"]
[SourceQuality "1"]

1. d4 d5 2. Nf3 Nf6 3. e3 e6 4. c4 a6 5. Nc3 dxc4 6. Bxc4 b5 7. Bd3 Bb7 8. a3 Nbd7 9. 0-0 c5 10. dxc5 Nxc5 11. Bc2 Qc7 12. Qe2 Be7 13. h3 0-0 14. b4 Ncd7 15. Bb2 Rfd8 16. Rac1 Rac8 17. Rfd1 Qb8 18. Rd2 Nb6 19. Bd3 Rd7 20. Rcd1 Rcd8 21. e4 Bd6 22. g3 Bc7 23. Qe3 e5 24. Nh4 Nc8 25. Nf5 Kh8 26. Qg5 Rg8 27. Be2 Rxd2 28. Rxd2 Bxe4 29. Nh6 Rf8 30. Nxe4 Nxe4 31. Nxf7+ Kg8 32. Nh6+ 1/2-1/2

[Event "Berlin Cup op"]
[Site "Berlin"]
[Date "2018.09.13"]
[Round "3"]
[White "Windmueller, Werner"]
[Black "Grimm, Willi"]
[Result "1/2-1/2"]
[WhiteElo "1485"]
[BlackElo "1579"]
[PlyCount "61"]
[EventDate "2018.08.30"]
[EventType "swiss"]
[EventRounds "5"]
[EventCountry "GER"]
[SourceTitle "EXT 2022"]
[Source "ChessBase"]
[SourceDate "2021.10.06"]
[SourceVersion "1"]
[SourceVersionDate "2021.10.06"]
[SourceQuality "1"]

1. d4 Nf6 2. c4 e6 3. a3 d5 4. e3 Be7 5. Nc3 0-0 6. Nf3 b6 7. b4 dxc4 8. Bxc4 Bb7 9. Bb2 Nbd7 10. 0-0 Ne4 11. Ne2 Nd6 12. Nd2 Nxc4 13. Nxc4 Bf6 14. Qc2 Qe7 15. Rad1 g6 16. e4 Rfd8 17. e5 Bg7 18. Rfe1 h5 19. Bc1 Ba6 20. Qb3 Bxc4 21. Qxc4 c5 22. f4 Rac8 23. dxc5 bxc5 24. Qe4 Nb6 25. Be3 cxb4 26. Bxb6 axb6 27. Qxb4 Qxb4 28. axb4 Bf8 29. Rxd8 Rxd8 30. Rb1 Rd2 31. Kf1 1/2-1/2

[Event "Berlin Cup op"]
[Site "Berlin"]
[Date "2018.09.06"]
[Round "2"]
[White "Grimm, Willi"]
[Black "Keskowski, Thilo"]
[Result "0-1"]
[WhiteElo "1579"]
[BlackElo "2152"]
[PlyCount "82"]
[EventDate "2018.08.30"]
[EventType "swiss"]
[EventRounds "5"]
[EventCountry "GER"]
[SourceTitle "EXT 2022"]
[Source "ChessBase"]
[SourceDate "2021.10.06"]
[SourceVersion "1"]
[SourceVersionDate "2021.10.06"]
[SourceQuality "1"]

1. d4 d6 2. c4 e5 3. dxe5 dxe5 4. Qxd8+ Kxd8 5. Nc3 Be6 6. e4 Nd7 7. Be3 Bb4 8. Rc1 Nc5 9. Bxc5 Bxc5 10. Bd3 Ne7 11. Nge2 Nc6 12. a3 a5 13. 0-0 Kc8 14. Kh1 Rd8 15. Rcd1 a4 16. h3 f6 17. Nc1 Bd4 18. N1e2 Bxc3 19. Nxc3 Rxd3 20. Rxd3 Bxc4 21. Rfd1 Bxd3 22. Rxd3 Ra6 23. Nd5 Nd4 24. Rc3 c6 25. Ne7+ Kd7 26. Nf5 Nxf5 27. exf5 g5 28. fxg6 hxg6 29. h4 Ke6 30. g4 Rb6 31. Rc2 Rb5 32. Kg2 e4 33. Re2 Re5 34. Kg3 g5 35. h5 f5 36. f4 exf3 37. gxf5+ Kxf5 38. Rxe5+ Kxe5 39. Kxf3 Kf5 40. Kg3 b5 41. Kf3 c5 0-1

[Event "Berlin Eckbauer op 20th"]
[Site "Berlin"]
[Date "2017.11.20"]
[Round "6"]
[White "Grimm, Willi"]
[Black "Mayer, Herbert"]
[Result "0-1"]
[WhiteElo "1563"]
[BlackElo "1836"]
[PlyCount "84"]
[EventDate "2017.10.09"]
[EventType "swiss"]
[EventRounds "7"]
[EventCountry "GER"]
[SourceTitle "CBM 189 Extra"]
[Source "ChessBase"]
[SourceDate "2019.05.31"]
[SourceVersion "1"]
[SourceVersionDate "2019.05.31"]
[SourceQuality "1"]

1. d4 d5 2. Nf3 Nf6 3. c4 dxc4 4. Nc3 g6 5. e3 Bg7 6. Bxc4 0-0 7. 0-0 Nfd7 8. a3 Nb6 9. Ba2 Nc6 10. Qe2 Bg4 11. h3 Bxf3 12. Qxf3 Rb8 13. Rd1 e5 14. d5 Na5 15. Qe2 e4 16. Qb5 Bxc3 17. bxc3 Nc6 18. Bb2 a6 19. Qe2 Na7 20. c4 Nac8 21. Rac1 Na4 22. Ba1 Nc5 23. Bb1 Nb3 24. Qb2 Nxa1 25. Qxa1 Qe7 26. c5 b6 27. c6 Nd6 28. a4 h6 29. Rd4 f5 30. Ba2 Kh7 31. Qb2 Rf7 32. Qe2 b5 33. Rb1 Qe5 34. Qd2 f4 35. axb5 axb5 36. Bb3 Rbf8 37. Rd1 fxe3 38. Qxe3 Rxf2 39. Qxf2 Rxf2 40. Kxf2 e3+ 41. Ke2 Ne4 42. R1d3 Nc3+ 0-1

[Event "Berlin Eckbauer op 20th"]
[Site "Berlin"]
[Date "2017.10.09"]
[Round "1"]
[White "Grosse, Michael"]
[Black "Grimm, Willi"]
[Result "0-1"]
[WhiteElo "1941"]
[BlackElo "1563"]
[PlyCount "42"]
[EventDate "2017.10.09"]
[EventType "swiss"]
[EventRounds "7"]
[EventCountry "GER"]
[SourceTitle "CBM 189 Extra"]
[Source "ChessBase"]
[SourceDate "2019.05.31"]
[SourceVersion "1"]
[SourceVersionDate "2019.05.31"]
[SourceQuality "1"]

1. e4 c5 2. Nf3 d6 3. Bb5+ Bd7 4. Bxd7+ Qxd7 5. 0-0 Nc6 6. Re1 e6 7. d4 cxd4 8. Nxd4 Nge7 9. Nb5 Ng6 10. N1c3 Be7 11. Be3 a6 12. Nd4 b5 13. f4 Bf6 14. f5 Nge5 15. Nxc6 Qxc6 16. fxe6 fxe6 17. Bd4 0-0 18. b3 Rac8 19. a3 a5 20. Qe2 Nf3+ 21. Kh1 Nxd4 0-1

[Event "Berlin Cup KO"]
[Site "Berlin"]
[Date "2016.09.08"]
[Round "1.13"]
[White "Grimm, Willi"]
[Black "Burger, Heinrich"]
[Result "0-1"]
[WhiteElo "1592"]
[BlackElo "1998"]
[PlyCount "62"]
[EventDate "2016.09.08"]
[EventType "k.o."]
[EventRounds "5"]
[EventCountry "GER"]
[SourceTitle "EXT 2022"]
[Source "ChessBase"]
[SourceDate "2021.10.06"]
[SourceVersion "1"]
[SourceVersionDate "2021.10.06"]
[SourceQuality "1"]

1. d4 Nf6 2. c4 e6 3. Nc3 Bb4 4. Bd2 0-0 5. Nf3 c5 6. e3 d5 7. Bd3 dxc4 8. Bxc4 cxd4 9. exd4 Nc6 10. a3 Be7 11. Be3 b6 12. 0-0 Bb7 13. Be2 Rc8 14. Rc1 Nd5 15. Nxd5 Qxd5 16. Bc4 Qd8 17. Qe2 Bf6 18. Rfd1 Ne7 19. Ba6 Rxc1 20. Rxc1 Ba8 21. Rd1 Qd6 22. Bd3 Rd8 23. Ng5 Ng6 24. f3 Ne5 25. dxe5 Qxe5 26. f4 Qc7 27. h4 h6 28. h5 Qc6 29. Kh2 e5 30. fxe5 Bxe5+ 31. g3 Rxd3 0-1

[Event "Berlin Eckbauer op 18th"]
[Site "Berlin"]
[Date "2015.11.16"]
[Round "6"]
[White "Prix, Siegfried"]
[Black "Grimm, Willi"]
[Result "1-0"]
[WhiteElo "1708"]
[BlackElo "1518"]
[PlyCount "65"]
[EventDate "2015.10.05"]
[EventType "swiss"]
[EventRounds "7"]
[EventCountry "GER"]
[SourceTitle "EXT 2022"]
[Source "ChessBase"]
[SourceDate "2021.10.06"]
[SourceVersion "1"]
[SourceVersionDate "2021.10.06"]
[SourceQuality "1"]

1. e4 e5 2. Nf3 Nf6 3. Nxe5 d6 4. Nf3 Nxe4 5. d4 d5 6. Bd3 Bd6 7. 0-0 0-0 8. c4 c6 9. cxd5 cxd5 10. Re1 f5 11. Qb3 Kh8 12. Nc3 Nxc3 13. Qxc3 Nc6 14. a3 Qa5 15. Qxa5 Nxa5 16. Bg5 Nc6 17. b4 a6 18. Bd2 Bd7 19. Ne5 Bxe5 20. dxe5 Be6 21. f4 d4 22. Rac1 Rac8 23. Rc5 Ne7 24. Rec1 Rxc5 25. Rxc5 Rc8 26. Rxc8+ Nxc8 27. Kf2 Kg8 28. Bc1 Ne7 29. Bb2 Nc6 30. Ke2 b5 31. Kd2 Bc4 32. Bxf5 g6 33. Be4 1-0

[Event "Berlin Eckbauer op 16th"]
[Site "Berlin"]
[Date "2013.11.18"]
[Round "7"]
[White "Boehne, Sebastian"]
[Black "Grimm, Willi"]
[Result "1-0"]
[WhiteElo "1774"]
[BlackElo "1640"]
[PlyCount "57"]
[EventDate "2013.10.07"]
[EventType "swiss"]
[EventRounds "7"]
[EventCountry "GER"]
[SourceTitle "EXT 2022"]
[Source "ChessBase"]
[SourceDate "2021.10.06"]
[SourceVersion "1"]
[SourceVersionDate "2021.10.06"]
[SourceQuality "1"]

1. e4 e5 2. Nf3 Nf6 3. Nxe5 d6 4. Nf3 Nxe4 5. d4 Be7 6. c4 0-0 7. Bd3 Nf6 8. d5 Nbd7 9. 0-0 Ne5 10. Nxe5 dxe5 11. Re1 Bd6 12. Bg5 h6 13. Bh4 Re8 14. Nc3 g5 15. Bg3 Bd7 16. Qd2 Re7 17. h4 Nh7 18. Bxh7+ Kxh7 19. hxg5 Qg8 20. Ne4 Kh8 21. c5 hxg5 22. cxd6 cxd6 23. Qxg5 Qxg5 24. Nxg5 f5 25. f4 e4 26. Bf2 Bb5 27. Re3 Rc8 28. Rh3+ Kg8 29. Bd4 1-0

[Event "Mittelfranken-chTB2b 1213"]
[Site "Germany"]
[Date "2012.12.02"]
[Round "4.6"]
[White "Grimm, Willi"]
[Black "Korth, Manfred"]
[Result "0-1"]
[WhiteElo "1525"]
[BlackElo "1826"]
[PlyCount "56"]
[EventDate "2012.10.07"]
[EventType "team-tourn"]
[EventRounds "9"]
[EventCountry "GER"]
[SourceTitle "EXT 2019"]
[Source "ChessBase"]
[SourceDate "2018.10.10"]
[SourceVersion "1"]
[SourceVersionDate "2018.10.10"]
[SourceQuality "1"]
[WhiteTeam "Gunzenhausen/Weissenburg II"]
[BlackTeam "Heideck/Hilpoltstein"]
[WhiteTeamCountry "GER"]
[BlackTeamCountry "GER"]

1. e4 d6 2. Nf3 Nf6 3. Nc3 e5 4. d3 Be7 5. Be2 c6 6. 0-0 0-0 7. h3 Qc7 8. Bg5 Re8 9. a3 Nbd7 10. d4 exd4 11. Qxd4 Nc5 12. Bc4 Ne6 13. Bxe6 Bxe6 14. Rfe1 Rad8 15. Qxa7 h6 16. Bf4 Nd7 17. Qe3 Ne5 18. Nd2 f6 19. Qg3 Kh7 20. b3 Rg8 21. Be3 g5 22. f4 gxf4 23. Qxf4 Nf7 24. Kh2 Rg6 25. Nf3 Rdg8 26. Re2 Qa5 27. Bd4 Qh5 28. Rg1 Rg4 0-1

[Event "GER-ch Seniors 22nd"]
[Site "Berlin"]
[Date "2010.08.21"]
[Round "6"]
[White "Junghaenel, Dieter"]
[Black "Grimm, Willi"]
[Result "1-0"]
[WhiteElo "1523"]
[BlackElo "1629"]
[PlyCount "107"]
[EventDate "2010.08.16"]
[EventType "swiss"]
[EventRounds "9"]
[EventCountry "GER"]
[SourceTitle "CBM 138 Extra"]
[Source "ChessBase"]
[SourceDate "2010.10.29"]
[SourceVersion "1"]
[SourceVersionDate "2010.10.29"]
[SourceQuality "1"]

1. Nf3 Nf6 2. e3 b6 3. b3 Bb7 4. Bb2 c5 5. Be2 Nc6 6. d3 Qc7 7. c4 g6 8. Nbd2 Bg7 9. 0-0 e6 10. Re1 0-0 11. Nf1 Rad8 12. a3 Ne7 13. Qc2 d6 14. b4 Ne8 15. Bxg7 Nxg7 16. b5 d5 17. Qb2 d4 18. e4 e5 19. Qd2 Ne6 20. Qh6 Kh8 21. h3 Ng8 22. Qd2 Nf4 23. N3h2 Qe7 24. Ng3 Bc8 25. Bg4 Bxg4 26. Nxg4 Qg5 27. Ra2 h5 28. Nh2 h4 29. Nf3 Qh6 30. Ne2 f6 31. Kh2 Rde8 32. Rg1 g5 33. Nxf4 gxf4 34. a4 Rf7 35. a5 Ree7 36. axb6 axb6 37. Qd1 Ra7 38. Ra6 Rxa6 39. bxa6 Ra7 40. Qa4 Qg7 41. Nxh4 Ne7 42. Qb5 Nc8 43. Nf5 Qd7 44. g4 Qxb5 45. cxb5 Rd7 46. g5 fxg5 47. Rxg5 Na7 48. Rg6 Nxb5 49. Rxb6 Nc7 50. Rb7 c4 51. a7 c3 52. Rxc7 Rxc7 53. a8Q+ Kh7 54. Qa6 1-0